Pflanzen mit D - Statistiken

Allgemein
  • Dieses Quiz wurde 104 mal gespielt
  • Das Durchschnittsergebnis liegt bei 5 aus 10
Antwortstatistiken
Hinweis Antwort % Korrekt
orientalische Früchte Dattelpalme
96%
Mehl Dinkel
87%
Gurkensalat Dill
80%
Nationalblume Schottlands Distel
58%
Zierpflanze, ursprünglich aus Mexiko Dahlie
54%
Nadelbaum aus Nordamerika Douglasie
43%
gibt's nicht nur im Sumpf Dotterblume
40%
rot oder gelb, innen schwarz gepunktet Drachenfrucht
31%
Topfpflanze und Baum, Kanaren, Afrika, Sokotra Drachenbaum
24%
fleischige Blätter Dickblatt
5%
Keine übereinstimmenden Quizze gefunden
Verteilung der Resultate
Anzahl Personen mit jedem Resultat
Perzentil nach korrekt beantworteten Fragen
Ihre Resultats-Entwicklung
Sie haben dieses Quiz noch nicht gespielt